000 00738nam a22002297a 4500
001 BD-DhSAU 4170
003 BD-DhSAU
005 20150301101920.0
008 150215b2009 ii a||||r|||| 001 0 eng d
020 _a9780070077935
040 _aBD-DhSAU
082 _222
_a332.67
_bC3618
100 _aChandra, Prasanna.
245 _aProjects :
_bplanning, analysis, selection, financing, implementation and review /
_cDr. Prasanna Chandra.
250 _a7th ed.
260 _aNew Delhi :
_bTata McGraw-Hill Publishing Company ,
_cc2009.
300 _axxi, I.3 p. :
_bill. ;
_c25 cm.
500 _aNew arrival 2014
504 _aIncludes bibliographical references and index.
590 _ajoy
650 _aCapital investments.
_xManagement.
942 _2ddc
_cBOOK
999 _c4170
_d4170